Osobné spomienky na Dr. Samuela Teodora Kupčoka

Bibliographic Details
Main Author: Králik, Ján (Author)
Format: Article
Language:Slovak
PhysicalDescription:Obr. 1, lit. 5 zázn. v slov.
Subjects:

MARC

LEADER 00000nab a2200000 a 4500
001 vtls000503421
003 SK-MaSNL
005 20260304100328.0
008 250425c1993 xo 0 slo
015 |a SNBRB19rr/mm-uuuuu 
035 |a CL0503559 
035 |a urn:nbn:sk:snk-ab2npl 
035 |a (urnnbn)urn:nbn:sk:snk:ar-a02og2 
035 |a (uuid)b0740bcd-bd11-44d2-970b-ae89fb063fff 
040 |a SNKBUCL  |b slo  |c SNKBUCL  |e AACR2 
041 0 |a slo 
044 |a xo  |c SK 
080 |a 58-051:614.23  |2 1981 
080 |a 614.23  |2 1981 
080 |a 929 Kupčok, Samuel Teodor  |2 1981 
100 1 |a Králik, Ján  |4 aut  |9 5477 
245 1 0 |a Osobné spomienky na Dr. Samuela Teodora Kupčoka  |c Ján Králik 
300 |b Obr. 1, lit. 5 zázn. v slov. 
600 1 7 |a Kupčok, Samuel Teodor,  |d 1879-1967  |2 snkbucl  |9 116410 
655 7 |a články z novín a časopisov  |2 snkbucl  |9 267496 
773 0 |t Múzeum  |g Roč. 38, č. 4 (1993), s. 9-10 
850 |a Slovenská národná knižnica 
852 |a Slovenská národná knižnica 
954 |a odborná, vedecká literatúra pôvodná (slovenská)  |2 lita 
958 |a article27 
958 |a BX 
958 |a NB 
958 |a OND 
958 |a EUIPO 
992 |a RBX 
999 |c 2837457  |d 2839387